| 000 | 01220nam a22003857a 4500 | ||
|---|---|---|---|
| 001 | 16355277 | ||
| 003 | OSt | ||
| 005 | 20210420051940.0 | ||
| 008 | 100729s2011 mau 001 0 eng | ||
| 010 | _a 2010031617 | ||
| 020 | _a9781422157978 (pbk. : alk. paper) | ||
| 040 |
_aeng _cDLC _deng |
||
| 041 | _aeng | ||
| 042 | _apcc | ||
| 050 | 0 | 0 |
_aHD57.7 _b.H3914 2011 |
| 080 |
_a65 _bM-24 |
||
| 082 | 0 | 0 |
_a658.4/092 _222 |
| 245 | 0 | 0 | _aHBR's 10 must reads on managing people |
| 246 | 3 | _aHBR's ten must reads on managing people | |
| 246 | 3 | _aHarvard business review's 10 must reads on managing peopla | |
| 260 |
_aBoston, Mass. : _bHarvard Business Review Press, _cc2011. |
||
| 300 |
_av, 224 p. _c21 cm. |
||
| 365 | _b14.59 usd | ||
| 490 | 0 | _aHBR's 10 must reads | |
| 500 | _aIncludes index. | ||
| 650 | 0 |
_aBusiness _9323 |
|
| 650 | 0 |
_aManagement _9324 |
|
| 653 | _aბიზნესი | ||
| 653 | _aმართვა | ||
| 700 |
_93 _aDrucker, F. Peter |
||
| 730 | 0 | _aHarvard business review. | |
| 906 |
_a7 _bcbc _corignew _d1 _eecip _f20 _gy-gencatlg |
||
| 942 |
_2udc _cBK |
||
| 999 |
_c425 _d425 |
||